000236569 001__ 236569
000236569 005__ 20201207195712.0
000236569 0247_ $$0G:(Ds200)GSI-Beamtime-1989$$2I:(DE-Ds200)RED-20051214OR019$$aGSI Beamtime 1989
000236569 035__ $$aG:(Ds200)GSI-Beamtime-1989
000236569 150__ $$aGSI beamtime in the year 1989$$y1989-01-01 - 1989-12-31
000236569 450__ $$aGSI Beamtime 1989$$wd$$y1989-01-01 - 1989-12-31
000236569 510__ $$1I:(DE-Ds200)20121206GSI$$aGSI Helmholtzzentrum für Schwerionenforschung$$bGSI
000236569 550__ $$0G:(DE-Ds200)GSIfunding$$aFunding by the GSI$$wt
000236569 680__ $$aExperiments performed at GSI's facilities were granted beam time after evaluation of the respective Program Advisory Committee. Experimental facilities are e.g. UNILAC, SIS18, ESR, FRS, PHELIX, and CRYRING.
000236569 909CO $$ooai:repository.gsi.de:236569$$pauthority:GRANT$$pauthority
000236569 980__ $$aAUTHORITY
000236569 980__ $$aG